000 00433nam a2200169Ia 4500
003 SGT
020 _a9788173197901
082 _a5.14
_bMUS
100 _aMustafa,K
245 _aSoftware testing
260 _bNarosa Publishing House
_aNew Delhi
_c2009
300 _a293p.
650 _aCOMPUTER SCIENCE
653 _aSOFTWARE TESTING FUNDAMENTALS, SOFTWARE TESTABILITY STATING TESTING
700 _aKhan,R.A
942 _2ddc
_cBK
_03
999 _c4974
_d4974